Control of building projects: co-operation or conflict. One-day conference [organised by] RICS, SCALA and CIPFA [at RICS] 17th October 1984 (Record no. 88016)

MARC details
000 -LEADER
fixed length control field 00712cam a2200205 4500
001 - CONTROL NUMBER
control field D15270
008 - FIXED-LENGTH DATA ELEMENTS--GENERAL INFORMATION
fixed length control field 090401t1984 xxu||||| |||| 00| 0 eng d
035 ## - SYSTEM CONTROL NUMBER
System control number (Sirsi) u21599
041 ## - LANGUAGE CODE
Language code of text/sound track or separate title eng
050 ## - LIBRARY OF CONGRESS CALL NUMBER
Classification number 658.1552
110 ## - MAIN ENTRY--CORPORATE NAME
Corporate name or jurisdiction name as entry element Royal Institution of Chartered Surveyors
9 (RLIN) 4900
245 ## - TITLE STATEMENT
Title Control of building projects: co-operation or conflict. One-day conference [organised by] RICS, SCALA and CIPFA [at RICS] 17th October 1984
260 ## - PUBLICATION, DISTRIBUTION, ETC.
Place of publication, distribution, etc. London
Name of publisher, distributor, etc. Surveyors` Technical Services
Date of publication, distribution, etc. 1984
300 ## - PHYSICAL DESCRIPTION
Extent 4 papers and opening address
350 ## - PRICE (NR) (BK AM CF MU VM SE) [OBSOLETE]
Price 0
520 ## - SUMMARY, ETC.
Summary, etc. Filed in box RICS 1984/55. Papers also cataloged separately.
710 ## - ADDED ENTRY--CORPORATE NAME
Corporate name or jurisdiction name as entry element Quantity Surveyors` Division
942 ## - ADDED ENTRY ELEMENTS (KOHA)
Suppress in OPAC 0
948 ## - LOCAL PROCESSING INFORMATION (OCLC); SERIES PART DESIGNATOR (RLIN)
c (OCLC) 04/03/1997
Holdings
Withdrawn status Lost status Source of classification or shelving scheme Damaged status Not for loan Home library Current library Shelving location Date acquired Total Checkouts Full call number Barcode Date last seen Copy number Price effective from Koha item type Date last checked out
    Other/Generic Classification Scheme     London London RICS Boxes 14/09/1999   RICS 1984/55 30007777 06/08/2019 1 06/08/2019 Reference material  
    Other/Generic Classification Scheme     London London RICS Boxes 12/08/1991   RICS 1984/55 30007778 06/08/2019 2 06/08/2019 Reference material  
    Other/Generic Classification Scheme     London London RICS Boxes 12/08/1991   RICS 1984/55 30007779 06/08/2019 3 06/08/2019 Reference material  
    Other/Generic Classification Scheme     London London RICS Boxes 12/08/1991   RICS 1984/55 30007780 06/08/2019 4 06/08/2019 Reference material  
    Other/Generic Classification Scheme     London London RICS Boxes 12/08/1991   RICS 1984/55 30007781 06/08/2019 5 06/08/2019 Reference material  
    Other/Generic Classification Scheme     London London RICS Boxes 12/08/1991 1 RICS 1984/55 30007782 06/08/2019 6 06/08/2019 Book 31/01/2000
    Other/Generic Classification Scheme     London London RICS Boxes 12/08/1991   RICS 1984/55 30007783 06/08/2019 7 06/08/2019 Book  
    Other/Generic Classification Scheme     London London RICS Boxes 12/08/1991   RICS 1984/55 30007784 06/08/2019 8 06/08/2019 Book  
    Other/Generic Classification Scheme     London London RICS Boxes 12/08/1991   RICS 1984/55 30007785 06/08/2019 9 06/08/2019 Book  
    Other/Generic Classification Scheme     London London RICS Boxes 12/08/1991   RICS 1984/55 30007786 06/08/2019 10 06/08/2019 Book  
    Other/Generic Classification Scheme     London London RICS Boxes 08/01/1992   RICS 1984/55 30024917 06/08/2019 11 06/08/2019 Archive